"Filipino Advertising": (Record no. 228750)
[ view plain ]
| 000 -LEADER | |
|---|---|
| fixed length control field | 00572nam a2200157Ia 4500 |
| 008 - FIXED-LENGTH DATA ELEMENTS--GENERAL INFORMATION | |
| fixed length control field | 140724s9999 xx 000 0 und d |
| 050 ## - LIBRARY OF CONGRESS CALL NUMBER | |
| Classification number | HF 5803 |
| Item number | .C264 2010 |
| 100 ## - MAIN ENTRY--PERSONAL NAME | |
| Personal name | Carbonell, Mario Joesef T. |
| 245 ## - TITLE STATEMENT | |
| Title | "Filipino Advertising": |
| Remainder of title | an infomercial on the identity of filipino in philippine advertising / |
| Statement of responsibility, etc | Mario Joesef T. Carbonell. |
| 260 ## - PUBLICATION, DISTRIBUTION, ETC. (IMPRINT) | |
| Place of publication, distribution, etc | Las Piñas, Philippines : |
| Name of publisher, distributor, etc | Southville International School and Colleges, |
| Date of publication, distribution, etc | c2010. |
| 300 ## - PHYSICAL DESCRIPTION | |
| Extent | 55 p. : |
| Other physical details | ill. ; |
| Dimensions | 28 cm. |
| 521 ## - TARGET AUDIENCE NOTE | |
| Target audience note | Media Arts |
| 650 ## - SUBJECT ADDED ENTRY--TOPICAL TERM | |
| Topical term or geographic name as entry element | Filipino |
| General subdivision | Advertising |
| 942 ## - ADDED ENTRY ELEMENTS (KOHA) | |
| Koha item type | Theses |
| Withdrawn status | Lost status | Damaged status | Home library | Current library | Shelving location | Date acquired | Total Checkouts | Full call number | Barcode | Date last seen | Price effective from | Koha item type |
|---|---|---|---|---|---|---|---|---|---|---|---|---|
| College Library | College Library | Theses Section | 07/24/2014 | HF 5803 .C264 2010 | T0104 | 05/15/2018 | 07/24/2014 | Theses |